Virginia County Seats - Statistics

General Stats
  • This quiz has been taken 9 times
  • The average score is 27 of 94
Answer Stats
County County Seat % Correct
Albemarle Charlottesville
83%
Fairfax Fairfax
83%
Loudoun Leesburg
83%
Prince William Manassas
83%
Orange Orange
83%
James City Williamsburg
83%
Arlington Arlington
67%
Culpeper Culpeper
67%
Prince Edward Farmville
67%
Rockingham Harrisonburg
67%
Frederick Winchester
67%
Accomack Accomac
50%
Appomattox Appomattox
50%
Chesterfield Chesterfield
50%
King George King George
50%
Rockbridge Lexington
50%
Page Luray
50%
Henry Martinsville
50%
Pulaski Pulaski
50%
Roanoke Salem
50%
Spotsylvania Spotsylvania Courthouse
50%
Essex Tappahannock
50%
Tazewell Tazewell
50%
Fauquier Warrenton
50%
Wythe Wytheville
50%
York Yorktown
50%
Washington Abingdon
33%
Amelia Amelia
33%
Amherst Amherst
33%
Bedford Bedford
33%
Clarke Berryville
33%
Caroline Bowling Green
33%
Charles City Charles City
33%
Allegheny Covington
33%
Greensville Emporia
33%
Warren Front Royal
33%
Gloucester Gloucester
33%
Halifax Halifax
33%
Madison Madison
33%
Highland Monterey
33%
New Kent New Kent
33%
Prince George Prince George
33%
Franklin Rocky Mount
33%
Wise Wise
33%
Bland Bland
17%
Mecklenburg Boydton
17%
Buckingham Buckingham
17%
Pittsylvania Chatham
17%
Montgomery Christiansburg
17%
Dinwiddie Dinwiddie
17%
Northampton Eastville
17%
Botetourt Fincastle
17%
Goochland Goochland
17%
Hanover Hanover
17%
Lee Jonesville
17%
King and Queen King and Queen
17%
King William King William
17%
Lancaster Lancaster
17%
Russell Lebanon
17%
Louisa Louisa
17%
Smyth Marion
17%
Mathews Mathews
17%
Craig New Castle
17%
Giles Pearisburg
17%
Greene Stanardsville
17%
Strafford Strafford
17%
Patrick Stuart
17%
Surry Surry
17%
Sussex Sussex
17%
Bath Warm Springs
17%
Rappahannock Washington
17%
Shenandoah Woodstock
17%
Charlotte Charlotte Court House
0%
Dickenson Clintwood
0%
Southampton Courtland
0%
Cumberland Cumberland
0%
Floyd Floyd
0%
Scott Gate City
0%
Buchanan Grundy
0%
Northumberland Heathsville
0%
Carroll Hillsville
0%
Grayson Independence
0%
Isle of Wight Isle of Wight
0%
Henrico Laurel
0%
Brunswick Lawrenceville
0%
Nelson Lovingston
0%
Lunenburg Lunenburg
0%
Westmoreland Montross
0%
Nottoway Nottoway
0%
Fluvanna Palmyra
0%
Powhatan Powhatan
0%
Campbell Rustburg
0%
Middlesex Saluda
0%
Richmond Warsaw
0%
No matching quizzes found
Score Distribution
Percent of People with Each Score
Percentile by Number Answered
Your Score History
You have not taken this quiz